Central Library OPAC University of Rajshahi

Teach yourself visually Macromedia Dreamweaver 8 / (Record no. 13460)

MARC details
000 -LEADER
fixed length control field 00988cam a22003017a 4500
001 - CONTROL NUMBER
control field 13460
003 - CONTROL NUMBER IDENTIFIER
rucl marc code BD-RjUL
005 - DATE AND TIME OF LATEST TRANSACTION
control field 20211208235446.0
008 - FIXED-LENGTH DATA ELEMENTS--GENERAL INFORMATION
fixed length control field 140201s2006 njua 001 0 eng d
020 ## - INTERNATIONAL STANDARD BOOK NUMBER
International Standard Book Number 0764599984 (pbk.)
International Standard Book Number 9780764599989
035 ## - SYSTEM CONTROL NUMBER
System control number (BD-RjUL)13511
-- (OCoLC)ocm63176253
040 ## - CATALOGING SOURCE
Original cataloging agency SISPL
Transcribing agency SISPL
Modifying agency BAKER
-- UKM
-- VP@
-- CLE
-- IAI
-- MUQ
-- DLC
-- BD-RjUL
Language of cataloging eng
041 ## - LANGUAGE CODE
Language code of text/sound track or separate title eng
082 00 - DEWEY DECIMAL CLASSIFICATION NUMBER
Classification number 006.786
Edition number 22
Author mark and year WAT 2006
100 1# - MAIN ENTRY--PERSONAL NAME
Personal name Warner, Janine,
Dates associated with a name 1967-
9 (RLIN) 41986
245 10 - TITLE STATEMENT
Title Teach yourself visually Macromedia Dreamweaver 8 /
Statement of responsibility, etc. by Janine Warner.
246 3# - VARYING FORM OF TITLE
Title proper/short title Macromedia Dreamweaver 8
260 ## - PUBLICATION, DISTRIBUTION, ETC. (IMPRINT)
Place of publication, distribution, etc. Hoboken, NJ ;
-- Chichester :
Name of publisher, distributor, etc. Wiley,
Date of publication, distribution, etc. c2006.
300 ## - PHYSICAL DESCRIPTION
Pagination [xiv], 304, [1] p. :
Illustrations col. ill. ;
Size 23 cm.
490 #0 - SERIES STATEMENT
Series statement Visual read less, learn more
504 ## - BIBLIOGRAPHY, ETC. NOTE
Bibliography, etc Includes index.
650 #0 - SUBJECT ADDED ENTRY--TOPICAL TERM
Topical term or geographic name as entry element Web sites
General subdivision Design.
9 (RLIN) 41926
Topical term or geographic name as entry element Web sites
General subdivision Authoring programs.
9 (RLIN) 41987
942 ## - ADDED ENTRY ELEMENTS (KOHA)
Source of classification or shelving scheme Dewey Decimal Classification
Koha item type Books
Holdings
Lost status Source of classification or shelving scheme Damaged status Not for loan Collection code Permanent Location Current Location Shelving location Date acquired Source of acquisition Cost, normal purchase price Total Checkouts Full call number Date last seen Copy number Koha item type
  Dewey Decimal Classification     Non-fiction Central Library, University of Rajshahi Central Library, University of Rajshahi Reading Room 10/10/2013 Asia foundation 24.99   006.786 WAT 2006 01/02/2014 C-1 Books
  Dewey Decimal Classification     Non-fiction Central Library, University of Rajshahi Central Library, University of Rajshahi Reading Room 10/10/2013 Asia foundation 24.99   006.786 WAT 2006 01/02/2014 C-2 Books